| 000 | 00777nam a22002537a 4500 | ||
|---|---|---|---|
| 003 | BPGM | ||
| 005 | 20260630221826.0 | ||
| 008 | 260630b1997 mx |a||| |||| 001 0 spa d | ||
| 020 | _a968-7377-36-4 | ||
| 040 |
_aBPGM _bspa |
||
| 041 |
_aspa _hspa |
||
| 082 | 0 | 4 | _aCQ / 972.4564 / H47 |
| 100 | _aHERNANDEZ REQUENES, GUILLERMO. | ||
| 245 | _aMUNICIPIO DE EL MARQUES | ||
| 260 |
_aQUERETARO EL MARQUES; _bCULTURA EN QUERETARO, _c1997. |
||
| 300 |
_a121 paginas; _c21.1 cm x 13.3 cm. |
||
| 336 |
_2rdacontent _atexto _btxt |
||
| 337 |
_2rdamedia _asin mediación _bn |
||
| 338 |
_2rdacarrier _avolumen _bnc |
||
| 650 | _aGEOGRAFÍA E HISTORIA | ||
| 650 | _aHISTORIA GENERAL DE AMÉRICA DEL NORTE | ||
| 650 | _aMESOAMÉRICA (AMÉRICA MEDIA) MÉXICO | ||
| 942 |
_2ddc _cCOLQ |
||
| 999 |
_c68729 _d68729 |
||